| 000 | 00937cam a2200277 a 4500 | ||
|---|---|---|---|
| 001 | 2154 | ||
| 003 | BD-RjUL | ||
| 005 | 20211208233508.0 | ||
| 008 | 131210s1994 cau b 001 0 eng d | ||
| 020 | _a0804719314 | ||
| 035 | _a(BD-RjULL)2181 | ||
| 040 |
_aDLC/MoSU-L _cMoSU-L _dDLC _dBD-RjUL _beng |
||
| 041 | 1 |
_aeng _hfre |
|
| 082 |
_219 _a340.115 _bROL 1994 |
||
| 100 | 1 |
_aRouland, Norbert. _97059 |
|
| 245 | 1 | 0 |
_aLegal anthropology / _cNorbert Rouland ; translated by Philippe G. Planel. |
| 260 |
_aStanford, Calif. : _bStanford University Press, _c1994. |
||
| 300 |
_aviii, 352 p. ; _c23 cm. |
||
| 500 | _a"Originating publisher of the English edition: The Athlone Press, London"--T.p. verso. | ||
| 504 | _aIncludes bibliographical references (p. 7-16) and index. | ||
| 650 | 0 |
_aEthnological jurisprudence. _97060 |
|
| 942 |
_2ddc _cBK |
||
| 999 |
_c2154 _d2154 |
||